|
|
|
|
| LEADER |
01207cas a2200217 a 4500 |
| 001 |
AALejournalIMF018405 |
| 008 |
230101c9999 xx r poo 0 0eng d |
| 020 |
|
|
|c 15.00 USD
|
| 020 |
|
|
|z 9781484351444
|
| 040 |
|
|
|a BD-DhAAL
|c BD-DhAAL
|
| 100 |
1 |
|
|a Procopio, Joe.
|
| 245 |
1 |
0 |
|a Nepal :
|b Defending Against Money Laundering: Into and Out of the Grey /
|c Joe Procopio, Amit Khetarpaul.
|
| 264 |
|
1 |
|a Washington, D.C. :
|b International Monetary Fund,
|c 2018.
|
| 300 |
|
|
|a 1 online resource (20 pages)
|
| 500 |
|
|
|a <strong>Off-Campus Access:</strong> No User ID or Password Required
|
| 500 |
|
|
|a <strong>On-Campus Access:</strong> No User ID or Password Required
|
| 506 |
|
|
|a Electronic access restricted to authorized BRAC University faculty, staff and students
|
| 520 |
3 |
|
|a A story about Nepal's journey to address money laundering--how it navigated the various obstacles it faced over the years to meet international standards on anti-money laundering and combating the financing of terrorism.
|
| 538 |
|
|
|a Mode of access: Internet
|
| 700 |
1 |
|
|a Khetarpaul, Amit.
|
| 856 |
4 |
0 |
|z Full text available on IMF
|u http://elibrary.imf.org/view/books/073/25095-9781484351444-en/25095-9781484351444-en-book.xml
|z IMF e-Library
|